Moderní management v teorii a praxi

Bibliographic Details
Main Authors: Vodáček, Leo, 1933- (Author), Vodáčková, Oľga, 1940- (Author)
Format: Book
Language:Czech
PhysicalDescription:295 s. sch., tab. 24 cm
Published: Praha Management Press 2006
ISBN:8072611437
Edition:Vyd. 1.
Subjects:

MARC

LEADER 00000cam a2200000 a 4500
001 vtls008772347
003 SK-MaSNL
005 20260301183703.0
008 240314s2006 xr l d p 001 0 cze
020 |a 8072611437  |q (viaz.) 
040 |a SNK  |b slo  |c SNK  |e AACR2 
041 0 |a cze 
044 |a xr  |c CZ 
072 7 |a 005  |x Manažment. Riadenie  |2 konspekt 
072 7 |a 37.016  |x Učebné osnovy. Vyučovacie predmety. Učebnice  |2 konspekt 
080 |a 005  |2 2001 
080 |a (075.8)  |2 2001 
100 1 |a Vodáček, Leo,  |d 1933-  |4 aut  |9 101516 
245 1 0 |a Moderní management v teorii a praxi  |c Leo Vodáček & Oľga Vodáčková 
250 |a Vyd. 1. 
260 |a Praha  |b Management Press  |c 2006 
300 |a 295 s.  |b sch., tab.  |c 24 cm 
504 |a Obsahuje bibliogr., bibliogr. odkazy 
650 0 7 |a manažment  |2 SNKPH  |9 922 
650 0 7 |a Management  |2 SNKPHeng  |9 265406 
655 7 |a učebnice vysokých škôl  |2 SNKPH  |9 70191 
655 7 |a Textbooks (higher)  |2 SNKPHeng  |9 276436 
700 1 |a Vodáčková, Oľga,  |d 1940-  |4 aut  |9 101517 
919 |a 80-7261-143-7 
999 |c 857949  |d 859879 
952 |t snkMOD 65.01  |a SNKUST  |b SNKUST  |y PREZ  |7 0  |p 17A0541610  |o snkIC 134528  |i snk2007/5046  |8 4  |g 12.28  |0 0  |1 0  |4 0  |d 2006-12-13  |l 0  |r 2025-04-28 00:00:00  |w 2026-02-24